000
00296nam a22001337a 4500
008
181023b xxu||||| |||| 00| 0 eng d
020
_a
9781455774548
041
_a
eng
080
_a
616.31
100
_a
5
101
_a
STO
245
_a
Modern Dental Assisting
_c
Robinson, B
942
_2
udc
_c
BK
999
_c
50640
_d
50640